[Event "ITA-ch38"]
[Site "Castelvecchio Pascoli"]
[Date "1977.??.??"]
[Round "5"]
[White "Valenti, Giuseppe"]
[Black "Taruffi, Daniele"]
[Result "1/2-1/2"]
[WhiteElo "2240"]
[BlackElo "2325"]
[PlyCount "57"]
[EventDate "1977.??.??"]
[Source "www.chesslib.no"]
[SourceDate "2004.05.04"]

1. e4 Nf6 2. e5 Ng8 3. Nf3 d5 4. exd6 cxd6 5. d4 g6 6. h3 Bg7 7. Bd3 Nf6 8. O-O O-O 9. Bg5 Qb6 10. Nbd2 Qxb2 11. Nc4 Qb4 12. a4 Ne4 13. Bxe7 Re8 14. Bxd6 Nxd6 15. Rb1 Qxa4 16. Nxd6 Rd8 17. Nxc8 Rxc8 18. Rxb7 Qc6 19. Qb1 Qd6 20. Qa2 Rc7 21. Be4 Nc6 22. Qa6 Rac8 23. d5 Qf4 24. dxc6 Qxe4 25. Re1 Qxc6 26. Qxc6 Rxc6 27. Ree7 Rf8 28. Rxa7 Rxc2 29. Rac7 1/2-1/2

[Event "Munich Open 9293"]
[Site "Munich GER"]
[Date "1993.??.??"]
[Round "2"]
[White "Sandor, Christian"]
[Black "Wehmeier, Stefan"]
[Result "1/2-1/2"]
[WhiteElo "2240"]
[BlackElo "2320"]
[PlyCount "138"]
[EventDate "1993.??.??"]
[Source "www.chesslib.no"]
[SourceDate "2004.05.04"]

1. e4 Nf6 2. e5 Ng8 3. d4 d6 4. Nf3 Bg4 5. Be2 dxe5 6. Nxe5 Bxe2 7. Qxe2 Qxd4 8. O-O Nd7 9. Nf3 Qb6 10. Be3 c5 11. Nbd2 Qc7 12. Qc4 e6 13. Bf4 Bd6 14. Bxd6 Qxd6 15. Rad1 Ngf6 16. Ne4 Qa6 17. Nd6+ Ke7 18. Qh4 h6 19. Rfe1 Rhd8 20. Ng5 Ne5 21. Nge4 Ng6 22. Qg3 Nxe4 23. Nxe4 Qc6 24. f3 b6 25. h4 Kf8 26. h5 Ne7 27. Nd6 Rd7 28. Nc4 Nf5 29. Qf4 Nd4 30. Kf2 Rd5 31. Ne5 Qb7 32. c3 Nc6 33. Ng4 Rad8 34. Rxd5 Rxd5 35. Rxe6 Qd7 36. Rg6 Rxh5 37. Qd6+ Qxd6 38. Rxd6 Ne5 39. Nxe5 Rxe5 40. Rd7 a5 41. Rb7 Re6 42. a3 g5 43. b4 axb4 44. axb4 cxb4 45. cxb4 Kg7 46. Kg3 Kg6 47. b5 f6 48. f4 Kf5 49. fxg5 hxg5 50. Kf3 Ke5 51. Kg4 Rd6 52. Rb8 Kd4 53. Rc8 Rd5 54. Rc6 f5+ 55. Kxg5 Rxb5 56. Kf4 Rb2 57. Rg6 b5 58. Kxf5 Rf2+ 59. Ke6 b4 60. g4 Ra2 61. Rg8 Ra6+ 62. Kf5 Rb6 63. g5 b3 64. Rd8+ Ke3 65. Rd1 b2 66. g6 b1=Q+ 67. Rxb1 Rxb1 68. g7 Rg1 69. Kf6 Rxg7 1/2-1/2

[Event "HUN-chT2"]
[Site "HUN"]
[Date "1993.??.??"]
[Round "?"]
[White "Hovanecz, Laszlo"]
[Black "Dede, Erno"]
[Result "0-1"]
[WhiteElo "2340"]
[BlackElo "2220"]
[PlyCount "70"]
[EventDate "1993.??.??"]
[Source "www.chesslib.no"]
[SourceDate "2004.05.04"]

1. e4 Nf6 2. e5 Ng8 3. d4 d6 4. exd6 cxd6 5. Nf3 Bg4 6. Be2 e6 7. O-O Nf6 8. c4 Be7 9. Nc3 O-O 10. Be3 Nbd7 11. b4 Nb6 12. Qb3 Rc8 13. Nd2 Bxe2 14. Nxe2 Ng4 15. Rac1 Qc7 16. Bf4 Qd7 17. h3 Nf6 18. Rfd1 Qa4 19. Qb2 Nxc4 20. Nxc4 Rxc4 21. Rxc4 Qxd1+ 22. Kh2 Qd3 23. Rc7 Nd5 24. Rxe7 Nxe7 25. Bxd6 Re8 26. b5 Nf5 27. Be5 f6 28. Bc7 Rc8 29. b6 axb6 30. Nf4 Qe4 31. Qxb6 Qc6 32. Nxe6 Qxb6 33. Bxb6 Rc6 34. Bc5 Rxe6 35. g4 Ne7 0-1

[Event "Dubai Asian Cities"]
[Site "Dubai"]
[Date "1992.??.??"]
[Round "7"]
[White "Hasan, Younus"]
[Black "Depasquale, Chris"]
[Result "0-1"]
[WhiteElo "2285"]
[BlackElo "2265"]
[PlyCount "66"]
[EventDate "1992.??.??"]
[Source "ChessBase"]

1. e4 Nf6 2. e5 Ng8 3. Nf3 d5 4. exd6 exd6 5. d4 Bg4 6. Be2 Nc6 7. O-O Qd7 8. d5 Bxf3 9. Bxf3 Ne5 10. Be2 Be7 11. Nd2 Nf6 12. Nf3 O-O 13. c4 Rfe8 14. Nd4 a6 15. Qc2 c6 16. dxc6 bxc6 17. Nf5 d5 18. Nxe7+ Qxe7 19. cxd5 cxd5 20. Bg5 h6 21. Bxf6 Qxf6 22. Rad1 Rad8 23. Qa4 Re6 24. Qd4 Qe7 25. Bd3 Nxd3 26. Rxd3 Re4 27. Qb6 Rd6 28. Qc5 Qe6 29. Re3 Rc6 30. Qa7 d4 31. Qa8+ Kh7 32. Rf3 Re1 33. g3 Rcc1 0-1

[Event "HUN Team Ch 9394"]
[Site "HUN"]
[Date "1994.??.??"]
[Round "?"]
[White "Kuklin, Alexander"]
[Black "Dede, Erno"]
[Result "1-0"]
[WhiteElo "2275"]
[BlackElo "2265"]
[PlyCount "51"]
[EventDate "1993.??.??"]
[Source "www.chesslib.no"]
[SourceDate "2004.05.04"]

1. e4 Nf6 2. e5 Ng8 3. d4 d6 4. f4 c5 5. dxc5 dxc5 6. Qxd8+ Kxd8 7. Be3 b6 8. Nf3 Bb7 9. Ng5 Nh6 10. Nc3 e6 11. O-O-O+ Kc8 12. f5 exf5 13. Bc4 Be7 14. Nxf7 Nxf7 15. Bxf7 Bc6 16. Nd5 Bd8 17. Rhf1 g6 18. Bh6 Bc7 19. Bg7 Rd8 20. c4 Na6 21. Ne7+ Kb7 22. Nxc6 Kxc6 23. Bd5+ Rxd5 24. cxd5+ Kd7 25. Rfe1 c4 26. d6 1-0

[Event "Oakham House"]
[Site "Oakham ENG"]
[Date "1988.??.??"]
[Round "8"]
[White "Chow, Albert"]
[Black "Fuster, Geza"]
[Result "1-0"]
[WhiteElo "2305"]
[BlackElo "2235"]
[PlyCount "115"]
[EventDate "1988.??.??"]
[Source "www.chesslib.no"]
[SourceDate "2004.05.04"]

1. e4 Nf6 2. e5 Ng8 3. d4 d5 4. c4 c6 5. Nc3 h5 6. Be3 g6 7. Nf3 Bh6 8. cxd5 cxd5 9. Qb3 e6 10. Nb5 Kf8 11. Nd6 Nc6 12. Bxh6+ Nxh6 13. Nxb7 Qb6 14. Qxb6 axb6 15. Nd6 Nf5 16. Nxf5 gxf5 17. Rc1 Bd7 18. a3 Ke7 19. Bb5 Nxe5 20. Nxe5 Bxb5 21. Rc7+ Kd6 22. Rb7 f6 23. Rxb6+ Kc7 24. Rxb5 fxe5 25. dxe5 Rhb8 26. Rc5+ Kd7 27. Rc2 Rxa3 28. bxa3 Rb1+ 29. Ke2 Rxh1 30. h3 Ra1 31. Rc3 Ra2+ 32. Kf3 Rb2 33. g3 Ra2 34. Ke3 Rb2 35. f3 Ra2 36. h4 Rg2 37. Kf4 Re2 38. Re3 Rg2 39. Rc3 Re2 40. a4 Ra2 41. Kg5 Rxa4 42. Kxh5 d4 43. Rb3 Ra5 44. Rd3 Ra4 45. Kg6 Kc6 46. h5 Kd5 47. Kf6 Ra1 48. Rb3 Rh1 49. Rb8 Rxh5 50. Rd8+ Kc4 51. Kxe6 Rg5 52. f4 Rxg3 53. Kxf5 d3 54. e6 Re3 55. Kf6 Re4 56. f5 Kc3 57. e7 d2 58. Kf7 1-0

[Event "3. ch-Euro Senior"]
[Site "?"]
[Date "2003.09.25"]
[Round "9"]
[White "Ljubarskij Jurij"]
[Black "Etmans Maarten D"]
[Result "1-0"]
[WhiteElo "2307"]
[BlackElo "2221"]
[PlyCount "55"]
[EventDate "2003.??.??"]
[Source "www.chesslib.no"]
[SourceDate "2004.05.04"]

1. e4 Nf6 2. e5 Ng8 3. Bc4 d5 4. Bb3 c5 5. d3 Nc6 6. Bf4 Nd4 7. Nc3 Nxb3 8. axb3 g6 9. d4 e6 10. Nf3 Bd7 11. O-O Qc7 12. Qd2 Bc6 13. Rfe1 b6 14. Nd1 h6 15. Ne3 Qb7 16. h3 O-O-O 17. c3 g5 18. Bg3 Be7 19. Rec1 f5 20. exf6 Nxf6 21. Ne5 Ne4 22. Qe2 Nxg3 23. fxg3 Be8 24. Ra6 Bd6 25. Rca1 Kb8 26. N3g4 Bh5 27. Rxa7 Qxa7 28. Nc6+ 1-0

[Event "VAM Hoogeveen op"]
[Site "Hoogeveen"]
[Date "1998.10.22"]
[Round "7"]
[White "Klenburg, Mikhail"]
[Black "Hofman, Ron"]
[Result "1/2-1/2"]
[WhiteElo "2330"]
[BlackElo "2195"]
[PlyCount "84"]
[EventDate "1998.09.??"]
[Source "www.chesslib.no"]
[SourceDate "2004.05.04"]

1. e4 Nf6 2. e5 Ng8 3. d4 d5 4. exd6 exd6 5. Bd3 Nf6 6. h3 c6 7. Nf3 Na6 8. O-O Be7 9. a3 Nc7 10. c4 b5 11. Nc3 bxc4 12. Bxc4 O-O 13. Qc2 d5 14. Bd3 Ne6 15. Ne2 c5 16. dxc5 Nxc5 17. Ned4 Nfe4 18. Nc6 Qd6 19. Nxe7+ Qxe7 20. Be3 Nxd3 21. Qxd3 Qe6 22. Rfd1 Rd8 23. Rac1 Ba6 24. Nd4 Bxd3 25. Nxe6 fxe6 26. Rxd3 e5 27. Re1 d4 28. Bc1 Nc5 29. Rdd1 Rd5 30. f3 a5 31. b4 axb4 32. axb4 Nb3 33. Rd3 Nxc1 34. Rxc1 Rb8 35. Rc7 h6 36. Ra3 d3 37. Raa7 d2 38. Rxg7+ Kf8 39. Rh7 d1=Q+ 40. Kh2 Kg8 41. Rhg7+ Kf8 42. Rh7 Kg8 1/2-1/2

[Event "HUN Team Ch 9394"]
[Site "HUN"]
[Date "1994.??.??"]
[Round "?"]
[White "Havasi, Janos"]
[Black "Dede, Erno"]
[Result "1-0"]
[WhiteElo "2250"]
[BlackElo "2265"]
[PlyCount "79"]
[EventDate "1993.??.??"]
[Source "www.chesslib.no"]
[SourceDate "2004.05.04"]

1. e4 Nf6 2. e5 Ng8 3. d4 d6 4. exd6 cxd6 5. Nf3 Bg4 6. Bb5+ Nd7 7. O-O e6 8. h3 Bh5 9. Nc3 Be7 10. Ne4 Ngf6 11. Ng3 Bg6 12. Nh4 a6 13. Nxg6 hxg6 14. Bd3 Nh5 15. Nxh5 Rxh5 16. Re1 Rh8 17. Qf3 Qc7 18. Bd2 Nf6 19. c4 Rh4 20. d5 e5 21. Rac1 Nh5 22. g3 Rd4 23. Bc3 Rxd3 24. Qxd3 f5 25. b4 e4 26. Qe2 Kf7 27. Bd4 Re8 28. c5 Bg5 29. Rc2 e3 30. Qf3 exf2+ 31. Bxf2 Rd8 32. c6 Nf6 33. a4 bxc6 34. dxc6 Rb8 35. Qb3+ d5 36. b5 Ne4 37. Qxd5+ Kf8 38. Rxe4 fxe4 39. Bc5+ Ke8 40. Qg8# 1-0

[Event "BRA-ch 1/2 final"]
[Site "Santos"]
[Date "2000.??.??"]
[Round "3"]
[White "Coelho, Luis H"]
[Black "Limp, Eduardo"]
[Result "0-1"]
[WhiteElo "2091"]
[BlackElo "2420"]
[PlyCount "76"]
[EventDate "2000.??.??"]
[Source "www.chesslib.no"]
[SourceDate "2004.05.04"]

1. e4 Nf6 2. e5 Ng8 3. d4 d6 4. Nf3 Bg4 5. h3 Bh5 6. g4 Bg6 7. e6 fxe6 8. Ng5 Qd7 9. Bd3 Bxd3 10. Qxd3 Nc6 11. Nxh7 O-O-O 12. Nc3 Nb4 13. Qg6 Nf6 14. Nxf8 Rdxf8 15. Be3 Qc6 16. O-O-O Nfd5 17. Qxe6+ Kb8 18. a3 Nxc3 19. bxc3 Nd5 20. Qe4 b5 21. f4 Qc4 22. Qd3 Qa4 23. Kb2 e6 24. Bc1 Qa6 25. Rhe1 Re8 26. f5 exf5 27. Rxe8+ Rxe8 28. Qxf5 Qc6 29. Qd3 Nb6 30. d5 Nc4+ 31. Ka2 Qa6 32. Kb1 Qa4 33. h4 Re4 34. Rg1 Kb7 35. g5 Rxh4 36. g6 a6 37. Qg3 Re4 38. Qd3 Re3 0-1

[Event "Wch U18"]
[Site "Oropesa del Mar"]
[Date "2000.10.11"]
[Round "1"]
[White "Firman, Nazar"]
[Black "Henriksson, Svante"]
[Result "1-0"]
[WhiteElo "2361"]
[BlackElo "2145"]
[PlyCount "45"]
[EventDate "2000.10.11"]
[Source "www.chesslib.no"]
[SourceDate "2004.05.04"]

1. e4 Nf6 2. e5 Ng8 3. d4 d6 4. Nf3 Bg4 5. h3 Bh5 6. exd6 Qxd6 7. Be2 Nc6 8. c3 O-O-O 9. O-O Nf6 10. Na3 Bxf3 11. Bxf3 e5 12. Qb3 e4 13. Be2 Nd5 14. Nb5 Qf6 15. c4 Nde7 16. Bg4+ Kb8 17. Qg3 Nf5 18. Qxc7+ Ka8 19. Bf4 Bd6 20. Bxf5 Qxf5 21. Nxd6 Rxd6 22. Qxd6 Rd8 23. g4 1-0

[Event "BL 0001 (Women)"]
[Site "Germany"]
[Date "2001.??.??"]
[Round "5.5"]
[White "Krupkova, Petra"]
[Black "Daemering, Katrin"]
[Result "1-0"]
[WhiteElo "2319"]
[BlackElo "2181"]
[PlyCount "51"]
[EventDate "2000.10.??"]
[Source "ChessBase"]
[SourceDate "2001.07.03"]

1. e4 Nf6 2. e5 Ng8 3. d4 d5 4. f4 Bf5 5. Nf3 e6 6. Be3 Qc8 7. Be2 Nh6 8. h3 Be4 9. O-O Nf5 10. Bf2 Bxf3 11. Bxf3 Be7 12. g4 Nh6 13. Qd2 c6 14. Nc3 Nd7 15. Ne2 Nb6 16. b3 Qc7 17. a4 a5 18. Rfc1 Ng8 19. c4 Bb4 20. Qe3 Ne7 21. Ng3 O-O 22. f5 exf5 23. gxf5 Rfe8 24. Qg5 h6 25. Qg4 Qd7 26. Nh5 1-0

[Event "SWE-ch Master Elite"]
[Site "?"]
[Date "2002.??.??"]
[Round "12"]
[White "Karlsson Tomas"]
[Black "Rygaard Michael"]
[Result "1/2-1/2"]
[WhiteElo "2242"]
[BlackElo "2255"]
[PlyCount "39"]
[EventDate "2002.??.??"]
[Source "www.chesslib.no"]
[SourceDate "2004.05.04"]

1. e4 Nf6 2. e5 Ng8 3. Nf3 d6 4. exd6 exd6 5. d4 Nf6 6. Bd3 Be7 7. O-O Bg4 8. Re1 O-O 9. Nbd2 Nbd7 10. h3 Bh5 11. Nf1 Re8 12. Ng3 Bg6 13. Nf5 Bf8 14. Bg5 Rxe1+ 15. Qxe1 Qe8 16. N3h4 h6 17. Nxg6 fxg6 18. Bxf6 gxf5 19. Bh4 Qf7 20. f4 1/2-1/2

[Event "Victorian Ch"]
[Site "Australia"]
[Date "1995.??.??"]
[Round "5"]
[White "Hamilton, Douglas G"]
[Black "Depasquale, Chris"]
[Result "1-0"]
[WhiteElo "2245"]
[BlackElo "2245"]
[PlyCount "93"]
[EventDate "1995.??.??"]
[Source "www.chesslib.no"]
[SourceDate "2004.05.04"]

1. e4 Nf6 2. e5 Ng8 3. d4 d5 4. Nf3 Bg4 5. h3 Bh5 6. c4 e6 7. cxd5 Qxd5 8. Nc3 Bb4 9. Be2 Ne7 10. O-O Qd7 11. Qb3 Nbc6 12. Rd1 Bxc3 13. bxc3 O-O 14. Qxb7 Rfb8 15. Qa6 Nd5 16. Qd3 Na5 17. c4 Nb6 18. Qc3 Qa4 19. d5 Naxc4 20. g4 Bg6 21. dxe6 fxe6 22. Rd4 Rf8 23. Nd2 Qa5 24. Rxc4 Nxc4 25. Qxc4 Qxe5 26. Nb3 Rf7 27. Be3 Raf8 28. Rd1 Be4 29. Bc5 Bd5 30. Qc2 Rf3 31. Rxd5 exd5 32. Bxf3 Rxf3 33. Bd4 Qe1+ 34. Kg2 Rf7 35. Be3 h5 36. Qc6 Qd1 37. Qe8+ Rf8 38. Qe6+ Rf7 39. Nd4 hxg4 40. hxg4 Qd3 41. Qxd5 c5 42. Qxc5 Qe4+ 43. Kg3 Qh1 44. Nf5 Qg1+ 45. Kh4 Qh2+ 46. Kg5 Kh7 47. Bd4 1-0

[Event "CAN-ch"]
[Site "Toronto"]
[Date "1972.??.??"]
[Round "9"]
[White "MacPhail, John"]
[Black "Fuster, Geza"]
[Result "1-0"]
[WhiteElo "2200"]
[BlackElo "2280"]
[PlyCount "63"]
[EventDate "1972.??.??"]
[Source "ChessBase"]

1. e4 Nf6 2. e5 Ng8 3. b3 c5 4. Bb2 d5 5. exd6 Qxd6 6. Nf3 Nc6 7. Na3 Bg4 8. h3 Qe6+ 9. Qe2 Qxe2+ 10. Bxe2 Bd7 11. Nc4 f6 12. d4 cxd4 13. Nxd4 Nxd4 14. Bxd4 e5 15. Bb2 Nh6 16. Bf3 O-O-O 17. O-O-O Bc6 18. Bxc6 bxc6 19. Rxd8+ Kxd8 20. Rd1+ Kc7 21. Bc3 Bc5 22. Nxe5 Bxf2 23. Ba5+ Kb7 24. Rd7+ Ka6 25. Nc4 Bb6 26. Bxb6 axb6 27. Rxg7 b5 28. Nd6 c5 29. Rc7 Kb6 30. Rg7 Kc6 31. Ne4 Rf8 32. Rxh7 1-0

[Event "RUS-ch sf"]
[Site "Novosibirsk"]
[Date "1998.??.??"]
[Round "?"]
[White "Zarezenko, Ilya"]
[Black "Petrov, Sergei"]
[Result "0-1"]
[WhiteElo "2215"]
[BlackElo "2260"]
[PlyCount "75"]
[EventDate "1998.??.??"]
[Source "www.chesslib.no"]
[SourceDate "2004.05.04"]

1. e4 Nf6 2. e5 Ng8 3. Nf3 d5 4. d4 Bg4 5. h3 Bxf3 6. Qxf3 e6 7. Bd3 Ne7 8. c3 Nd7 9. Be3 c5 10. O-O Nc6 11. Nd2 Qb6 12. Rab1 cxd4 13. cxd4 Nb4 14. Be2 Nxa2 15. Qg4 Nb4 16. Nf3 h5 17. Qf4 Be7 18. Ng5 f6 19. Nf3 g5 20. Qh2 O-O-O 21. exf6 Bd6 22. Ne5 Nxf6 23. Bxg5 Ne4 24. Bxd8 Rxd8 25. Rbc1+ Kb8 26. Qf4 Qxd4 27. Qh4 Rg8 28. Nd7+ Ka8 29. Bxh5 Bg3 30. Qg4 Bxf2+ 31. Kh2 Bg3+ 32. Kh1 Rd8 33. Qxe6 Nd3 34. Nb6+ Qxb6 35. Qxb6 axb6 36. Rc2 Ndf2+ 37. Kg1 d4 38. Rcxf2 0-1

[Event "HUN Team Ch 9394"]
[Site "HUN"]
[Date "1994.??.??"]
[Round "?"]
[White "Kral, Peter"]
[Black "Dede, Erno"]
[Result "0-1"]
[WhiteElo "2210"]
[BlackElo "2265"]
[PlyCount "126"]
[EventDate "1993.??.??"]
[Source "www.chesslib.no"]
[SourceDate "2004.05.04"]

1. e4 Nf6 2. e5 Ng8 3. d4 d6 4. f4 c5 5. c3 Qc7 6. Nf3 Bg4 7. Bb5+ Nd7 8. Be3 cxd4 9. cxd4 e6 10. Nc3 a6 11. Bd3 Qb6 12. Na4 Qa5+ 13. Bd2 Bxf3 14. Bxa5 Bxd1 15. Rxd1 Ne7 16. exd6 Nd5 17. Bc7 Nxc7 18. dxc7 Rc8 19. Rc1 Bb4+ 20. Ke2 b5 21. Rc6 bxa4 22. Bxa6 Ke7 23. Rhc1 Bd6 24. g3 Nf6 25. R1c4 Kd7 26. Bxc8+ Rxc8 27. Ra6 a3 28. b4 Nd5 29. Rxa3 Nxb4 30. Rb3 Nd5 31. Rb8 Bxc7 32. Rxc8 Kxc8 33. Kd3 Kb7 34. Ra4 Nf6 35. Ra3 Ng4 36. Rb3+ Bb6 37. a4 Ka6 38. Rb2 Nh6 39. Kc4 Nf5 40. Rd2 Ka5 41. Rd3 Kxa4 42. g4 Nd6+ 43. Kc3 Nb5+ 44. Kc4 Na3+ 45. Kc3 Ba5+ 46. Kb2 Nc4+ 47. Kc2 Bb4 48. g5 Bd6 49. Rh3 Bxf4 50. Rxh7 Ne3+ 51. Kd3 Nf5 52. h4 Bg3 53. h5 Bf4 54. Rxg7 Nxg7 55. h6 Nh5 56. h7 Be5 57. dxe5 Nf4+ 58. Kc4 Ng6 59. Kc5 Kb3 60. Kd6 Kc4 61. Kd7 Kd5 62. Ke8 Kxe5 63. Kxf7 Kf5 0-1

[Event "Mislata op8th"]
[Site "Valencia"]
[Date "1999.??.??"]
[Round "5"]
[White "Anguix Garrido, Juan Francisco"]
[Black "Sanchez Garcia, Manuel"]
[Result "1-0"]
[WhiteElo "2404"]
[BlackElo "2065"]
[PlyCount "59"]
[EventDate "1999.01.??"]
[Source "www.chesslib.no"]
[SourceDate "2004.05.04"]

1. e4 Nf6 2. e5 Ng8 3. d4 d6 4. Nf3 Bg4 5. h3 Bf5 6. c4 Nc6 7. e6 fxe6 8. Nc3 Qd7 9. Nh4 O-O-O 10. g4 Bg6 11. Nxg6 hxg6 12. b4 e5 13. d5 Nd4 14. c5 dxc5 15. bxc5 c6 16. Be3 Nf6 17. d6 exd6 18. g5 Nd5 19. Nxd5 cxd5 20. Bxd4 exd4 21. c6 Qe6+ 22. Be2 Re8 23. Kf1 Rxh3 24. Rxh3 Qxh3+ 25. Kg1 Qh4 26. cxb7+ Kb8 27. Qc1 Be7 28. Qc6 Qxg5+ 29. Kf1 Rd8 30. Rc1 1-0

[Event "Portoroz op"]
[Site "Portoroz"]
[Date "1997.??.??"]
[Round "?"]
[White "Riegler, Primoz"]
[Black "Sirnik, Bostjan"]
[Result "1-0"]
[WhiteElo "2325"]
[BlackElo "2125"]
[PlyCount "34"]
[EventDate "1997.??.??"]
[Source "www.chesslib.no"]
[SourceDate "2004.05.04"]

1. e4 Nf6 2. e5 Ng8 3. d4 d5 4. a3 Bf5 5. Nc3 e6 6. g4 Bg6 7. Nge2 Be7 8. Be3 Nd7 9. Qd2 c5 10. f4 Bh4+ 11. Ng3 a6 12. Bg2 cxd4 13. Bxd4 h5 14. f5 Bh7 15. O-O Bxg3 16. hxg3 Qc7 17. Qg5 Ne7 1-0

[Event "EU-ch Seniors"]
[Site "Saint Vincent"]
[Date "2001.09.19"]
[Round "5"]
[White "Semasev, Kim"]
[Black "Etmans, Maarten D"]
[Result "1-0"]
[WhiteElo "2300"]
[BlackElo "2142"]
[PlyCount "121"]
[EventDate "2001.09.15"]
[Source "ChessBase"]
[SourceDate "2001.10.26"]

1. e4 Nf6 2. e5 Ng8 3. d4 d6 4. exd6 Qxd6 5. Nf3 Bg4 6. Be2 Nc6 7. c3 Nf6 8. Qb3 Rb8 9. O-O e6 10. Re1 Be7 11. Nbd2 O-O 12. Nc4 Qd5 13. Bf4 Na5 14. Nxa5 Qxa5 15. Ne5 Bxe2 16. Rxe2 Qb6 17. Bg5 Qxb3 18. axb3 Ra8 19. b4 a6 20. f4 Rfe8 21. Rae1 Kf8 22. f5 Bd6 23. Bxf6 gxf6 24. Ng4 exf5 25. Nxf6 Rxe2 26. Rxe2 Bf4 27. g3 Bc1 28. Nd7+ Kg7 29. Nc5 b6 30. Nd3 Bg5 31. h4 Bf6 32. Rf2 Re8 33. Kg2 Re3 34. Nf4 c6 35. Nh5+ Kg6 36. Nxf6 Kxf6 37. g4 Ke6 38. Rxf5 Re2+ 39. Rf2 Re3 40. g5 f5 41. gxf6 Kf7 42. Rf5 Re2+ 43. Kf3 Rxb2 44. Rh5 Rc2 45. Rxh7+ Kf8 46. h5 Rxc3+ 47. Kg4 Rc1 48. h6 Rg1+ 49. Kf5 Rf1+ 50. Ke6 Re1+ 51. Kd6 Rf1 52. Kxc6 Rxf6+ 53. Kb7 a5 54. Rh8+ Kf7 55. b5 a4 56. h7 Kg7 57. Ra8 Kxh7 58. Rxa4 Kg7 59. Rc4 Kf7 60. d5 Ke7 61. Kc7 1-0

[Event "Ortigueira SPA"]
[Site "?"]
[Date "2005.08.19"]
[Round "8.9"]
[White "Colet Jose"]
[Black "Vitor Antonio"]
[Result "0-1"]
[WhiteElo "2052"]
[BlackElo "2365"]
[PlyCount "116"]
[EventDate "2005.??.??"]
[Source "www.chesslib.no"]
[SourceDate "2004.05.04"]

1. e4 Nf6 2. e5 Ng8 3. d4 d5 4. Bd3 c5 5. c3 Nc6 6. Nf3 Bg4 7. O-O e6 8. Nbd2 Nge7 9. Re1 Bf5 10. Nf1 Bxd3 11. Qxd3 cxd4 12. Nxd4 Nxd4 13. Qxd4 Nf5 14. Qd3 Be7 15. Ne3 Nxe3 16. Bxe3 Qc7 17. Bd4 a6 18. Qg3 Kf8 19. Re3 Kg8 20. Qf4 h5 21. Rf3 Rf8 22. Qe3 Rh6 23. Rc1 Rc8 24. Qf4 Bf8 25. Rg3 Rh7 26. Rf3 Qe7 27. Qd2 Qh4 28. Be3 Qe4 29. Bd4 h4 30. h3 Be7 31. Re1 Qg6 32. Qd1 Rh5 33. Kh2 Rg5 34. g3 hxg3+ 35. fxg3 Rf5 36. Ref1 Rxf3 37. Qxf3 Bc5 38. Bxc5 Rxc5 39. Rf2 Rc7 40. Qe3 Qh5 41. Rf4 Rc8 42. Rg4 Qh7 43. Rf4 Qc2+ 44. Rf2 Qa4 45. Qf3 Rc7 46. a3 Qd7 47. Qe3 Rc8 48. Rf4 Qc7 49. Qf3 Rd8 50. Qh5 g6 51. Qg5 d4 52. Rh4 dxc3 53. bxc3 Rd5 54. Rd4 Rxe5 55. Qd2 Rf5 56. Rd8+ Kh7 57. Rd4 Rf3 58. Qe1 Rxc3 0-1

[Event "Dieren"]
[Site "?"]
[Date "2006.07.29"]
[Round "5"]
[White "Van Assendelft Floris"]
[Black "Etmans Maarten D"]
[Result "1/2-1/2"]
[WhiteElo "2243"]
[BlackElo "2159"]
[PlyCount "33"]
[EventDate "2006.??.??"]
[Source "www.chesslib.no"]
[SourceDate "2004.05.04"]

1. e4 Nf6 2. e5 Ng8 3. d4 d6 4. exd6 exd6 5. Bd3 Nf6 6. h3 d5 7. Nf3 Be7 8. O-O O-O 9. Bg5 b6 10. Ne5 Bb7 11. Nd2 Nbd7 12. f4 c5 13. c3 cxd4 14. cxd4 Ne4 15. Bxe7 Qxe7 16. Nxd7 Qxd7 17. Nf3 1/2-1/2

[Event "Corus reserve op"]
[Site "Wijk aan Zee"]
[Date "2001.01.18"]
[Round "3"]
[White "Termeulen, Albert"]
[Black "Etmans, Maarten D"]
[Result "1/2-1/2"]
[WhiteElo "2214"]
[BlackElo "2163"]
[PlyCount "52"]
[EventDate "2001.01.13"]
[Source "ChessBase"]
[SourceDate "2001.03.08"]

1. e4 Nf6 2. e5 Ng8 3. Nf3 c5 4. Bc4 d5 5. exd6 e6 6. Nc3 Bxd6 7. d4 Nf6 8. Nb5 a6 9. Nxd6+ Qxd6 10. O-O cxd4 11. Nxd4 O-O 12. Nf3 Qc7 13. Qe2 Nbd7 14. c3 b5 15. Bb3 Bb7 16. Re1 Nc5 17. Bc2 h6 18. Be3 Be4 19. Bd4 Bxc2 20. Qxc2 Ncd7 21. Rad1 Rfe8 22. Ne5 Rad8 23. Qe2 Nxe5 24. Bxe5 Qe7 25. Qf3 Rxd1 26. Rxd1 Rd8 1/2-1/2

[Event "Camp. olandese open"]
[Site "Dieren OLA"]
[Date "2007.08.02"]
[Round "9"]
[White "Van Herwaarden, A."]
[Black "Etmans, M."]
[Result "1-0"]
[WhiteElo "2133"]
[BlackElo "2207"]
[PlyCount "90"]
[EventDate "2007.07.24"]
[Source "www.chesslib.no"]
[SourceDate "2004.05.04"]

1. e4 Nf6 2. e5 Ng8 3. d4 d6 4. Nf3 Bg4 5. h3 Bxf3 6. Qxf3 c6 7. Qb3 Qb6 8. exd6 Qxb3 9. axb3 e6 10. Bf4 Kd7 11. c4 Bxd6 12. Bxd6 Kxd6 13. Nc3 Nf6 14. g4 h6 15. b4 Nbd7 16. Bg2 a6 17. f4 Kc7 18. Kf2 g5 19. fxg5 hxg5 20. Kg3 Rae8 21. Rhf1 Rh6 22. Ra5 Rg6 23. b5 axb5 24. cxb5 Rb8 25. Na4 Kd6 26. bxc6 bxc6 27. Ra6 Rc8 28. Nb6 Rc7 29. Nc4+ Ke7 30. Rxc6 Rxc6 31. Bxc6 Rg8 32. Ne5 Nb6 33. Ra1 Nc8 34. Ra8 Nd5 35. Rb8 Kf6 36. b4 Kg7 37. b5 f6 38. Rb7+ Nde7 39. Nd3 Rd8 40. Nc5 Rd6 41. Bd7 Kh6 42. Nxe6 Nb6 43. Nc5 Nc4 44. Be6 Ng6 45. Bxc4 Rxd4 1-0

[Event "BL 0001 (Women)"]
[Site "Germany"]
[Date "2001.??.??"]
[Round "11.5"]
[White "Zickelbein, Eva Maria"]
[Black "Daemering, Katrin"]
[Result "1/2-1/2"]
[WhiteElo "2112"]
[BlackElo "2181"]
[PlyCount "83"]
[EventDate "2000.10.??"]
[Source "ChessBase"]
[SourceDate "2001.07.03"]

1. e4 Nf6 2. e5 Ng8 3. d4 d5 4. exd6 cxd6 5. Bd3 Nf6 6. Bg5 Nbd7 7. Nf3 h6 8. Bh4 e6 9. O-O Be7 10. c4 O-O 11. Nc3 b6 12. Qe2 Bb7 13. h3 Rc8 14. Bg3 d5 15. Rfe1 Bb4 16. Ne5 Ne4 17. Bxe4 dxe4 18. Rac1 f5 19. Ng6 Rf7 20. Bh4 Nf6 21. Red1 Bxc3 22. Rxc3 Rd7 23. b3 Kh7 24. Bxf6 gxf6 25. Qh5 Rg7 26. Rg3 e3 27. Nf4 exf2+ 28. Kxf2 Rxg3 29. Kxg3 Qg8+ 30. Kh2 Be4 31. Rd2 Re8 32. Qh4 Qg5 33. Qf2 Re7 34. d5 e5 35. Ne6 Qg8 36. a4 f4 37. a5 Bf5 38. axb6 axb6 39. b4 Bxe6 40. dxe6 Qxe6 41. c5 bxc5 42. Qxc5 1/2-1/2

[Event "Camp. olandese open"]
[Site "Dieren OLA"]
[Date "2007.07.26"]
[Round "3"]
[White "Blees, E."]
[Black "Etmans, M."]
[Result "1-0"]
[WhiteElo "2057"]
[BlackElo "2207"]
[PlyCount "111"]
[EventDate "2007.07.24"]
[Source "www.chesslib.no"]
[SourceDate "2004.05.04"]

1. e4 Nf6 2. e5 Ng8 3. d4 d6 4. exd6 exd6 5. Bd3 Be7 6. Ne2 Bf6 7. c3 Ne7 8. Ng3 g6 9. Nd2 d5 10. Nf3 Nbc6 11. O-O Bg4 12. h3 Bxf3 13. Qxf3 Bg7 14. Bg5 O-O 15. Rfe1 Qd6 16. Re3 Kh8 17. Rae1 Ng8 18. h4 Qd7 19. Bf4 Nf6 20. R3e2 Rae8 21. h5 Rxe2 22. Rxe2 Kg8 23. Bg5 Qg4 24. Qxg4 Nxg4 25. Bb5 Bf6 26. Bxc6 bxc6 27. Bf4 Bd8 28. f3 Nf6 29. hxg6 hxg6 30. Nf1 Re8 31. Rxe8+ Nxe8 32. Nd2 Nd6 33. Kf2 f6 34. Ke2 Kf7 35. Kd3 g5 36. Bh2 f5 37. Be5 Bf6 38. g3 c5 39. c4 dxc4+ 40. Nxc4 Nb7 41. Bxc7 Bxd4 42. b4 a6 43. Nd6+ Nxd6 44. Bxd6 Ke6 45. Bxc5 Bxc5 46. bxc5 Kd5 47. c6 Kxc6 48. Kd4 Kd6 49. f4 gxf4 50. gxf4 a5 51. a4 Kd7 52. Kd5 Ke7 53. Ke5 Kf8 54. Kxf5 Kf7 55. Ke5 Ke7 56. Kd5 1-0